Movies Quiz

Random Movies or Actress Quiz
Score 0/45 Timer 08:00
1 Play Today
Hint Answer % Correct
Sandra Bullock & Keanu ReevesSpeed (1994)
81.9%
Drew Barrymore & Adam Sandler50 First Dates (2004)
81.2%
Bradley Cooper & Jennifer LawrenceSilver Linings Playbook (2012)
76.1%
Robert De Niro & Al PacinoThe Godfather: Part II (1974)
74.2%
Leonardo DiCaprio & Mark WahlbergThe Departed (2006)
70.3%
Drew Barrymore & Adam SandlerThe Wedding Singer (1998)
65.5%
Bradley Cooper & Jennifer LawrenceAmerican Hustle (2013)
64.8%
Kate Hudson & Matthew McConaugheyHow to Lose a Guy in 10 Days (2003)
61.9%
Samuel L. Jackson & Bruce WillisDie Hard: With a Vengeance (1995)
59.9%
Cate Blanchett & Brad PittThe Curious Case of Benjamin Button (2008)
55.7%
Robert De Niro & Al PacinoHeat (1995)
55.2%
Will Smith & Charlize TheronHancock (2008)
53.5%
Samuel L. Jackson & Bruce WillisPulp Fiction (1994)
52.4%
Amy Adams & Meryl StreepJulie & Julia (2009)
51.8%
Josh Brolin & Tommy Lee JonesNo Country for Old Men (2007)
51.2%
Tom Cruise & Philip Seymour HoffmanMission: Impossible III (2006)
50.3%
George Clooney & Catherine Zeta-JonesOcean's Twelve (2004)
43%
Josh Brolin & Tommy Lee JonesMen in Black 3 (2012)
42.3%
Penelope Cruz & Cameron DiazVanilla Sky (2001)
41.3%
Shirley MacLaine & Julia RobertsSteel Magnolias (1989)
39.1%
Jake Gyllenhaal & Anne HathawayBrokeback Mountain (2005)
38.3%
Sandra Bullock & Keanu ReevesThe Lake House (2006)
37.8%
Drew Barrymore & Adam SandlerBlended (2014)
35.9%
Hint Answer % Correct
Jake Gyllenhaal & Anne HathawayLove & Other Drugs (2010)
34.9%
Cate Blanchett & Brad PittBabel (2006)
34.4%
Samuel L. Jackson & Bruce WillisUnbreakable (2000)
34%
Jude Law & Gwyneth PaltrowThe Talented Mr. Ripley (1999)
31.7%
Kate Hudson & Matthew McConaugheyFool's Gold (2008)
28.4%
Amy Adams & Meryl StreepDoubt (2008)
28.2%
Samuel L. Jackson & Bruce WillisGlass (2019)
27.7%
Tom Cruise & Philip Seymour HoffmanMagnolia (1999)
27.4%
George Clooney & Catherine Zeta-JonesIntolerable Cruelty (2003)
24.2%
Bradley Cooper & Jennifer LawrenceJoy (2015)
19.3%
Leonardo DiCaprio & Mark WahlbergThe Basketball Diaries (1995)
18.1%
Bradley Cooper & Jennifer LawrenceSerena (2014)
17.5%
Daniel Craig & Nicole KidmanThe Golden Compass (2007)
15.6%
Robert De Niro & Al PacinoThe Irishman (2019)
13.1%
Robert De Niro & Al PacinoRighteous Kill (2008)
12.2%
Penelope Cruz & Cameron DiazThe Counselor (2013)
10.4%
Will Smith & Charlize TheronThe Legend of Bagger Vance (2000)
10.2%
Jude Law & Gwyneth PaltrowSky Captain and the World of Tomorrow (2004)
10%
Daniel Craig & Nicole KidmanThe Invasion (2007)
8.1%
Josh Brolin & Tommy Lee JonesIn the Valley of Elah (2007)
7.3%
Jude Law & Gwyneth PaltrowContagion (2011)
6.6%
Shirley MacLaine & Julia RobertsValentine's Day (2010)
5.6%

You're not logged in!

Compare scores with friends on all Sporcle quizzes.
OR
Log In

Sporcle TV

Today on Sporcle TV


Watch our educational content, quiz creation guides, and fun videos on Sporcle TV.

Show Comments

Extras

Top Quizzes Today


Score Distribution

Paid Content

Your Account Isn't Verified!

In order to create a playlist on Sporcle, you need to verify the email address you used during registration. Go to your Sporcle Settings to finish the process.

Report this User

Report this user for behavior that violates our Community Guidelines.

Details: